2026年オープン戦でホームランを打った選手 - Statistics

General Stats
  • This quiz has been taken 23 times
  • The average score is 46 of 73
Answer Stats
球団 第1号
日付(相手投手)
選手名 % Correct
中日 3/15(L佐藤隼) 細川成也
89%
阪神 3/18(M木村) 森下翔太
84%
巨人 3/18(S拓也) 佐々木俊輔
84%
巨人 3/21(E瀧中) キャベッジ
84%
中日 2/23(Mカスティーヨ) サノー
84%
広島 3/7(D松木平) モンテロ
84%
広島 3/22(Hスチュワート) 佐々木泰
84%
ヤクルト 3/13(B権田) オスナ
84%
ヤクルト 3/17(G戸郷) サンタナ
84%
日本ハム 3/8(M廣池) 水谷瞬
84%
阪神 3/10(L髙橋光) 中川勇斗
79%
巨人 3/21(E泰) 坂本勇人
79%
中日 2/23(M毛利) 木下拓哉
79%
中日 3/18(H徐) 田中幹也
79%
広島 2/22(F杉浦) 坂倉将吾
79%
広島 2/28(E藤井) 佐藤啓介
79%
広島 3/12(DB竹田) 中村奨成
79%
広島 3/21(H伊藤) ファビアン
79%
ソフトバンク 3/4(S下川) 柳田悠岐
79%
日本ハム 2/23(T岩貞) 西川遥輝
79%
日本ハム 3/14(Gハワード) レイエス
79%
オリックス 3/10(M木村) 西川龍馬
79%
ロッテ 3/20(D柳) 西川史礁
79%
阪神 3/15(C髙) 近本光司
74%
広島 3/20(H鈴木豪) 菊池涼介
74%
ヤクルト 3/8(L黒田) 長岡秀樹
74%
ロッテ 2/21(E今野) 岡大海
74%
DeNA 3/15(H津森) ヒュンメル
68%
巨人 3/15(F玉井) ダルベック
68%
中日 2/23(M小野) 鵜飼航丞
68%
中日 3/22(M小島) 辻本倫太郎
68%
広島 2/28(E藤井) 平川蓮
68%
ソフトバンク 3/11(G松浦) 山川穂高
68%
ソフトバンク 3/18(D勝野) 野村勇
68%
日本ハム 3/17(DBデュプランティエ) 野村佑希
68%
日本ハム 3/18(DBコックス) 郡司裕也
68%
楽天 3/13(D柳) ボイト
68%
楽天 3/14(D松葉) 浅村栄斗
68%
西武 3/1(H東浜) 外崎修汰
68%
阪神 3/8(G田和) 嶋村麟士朗
63%
広島 3/21(Hオスナ) 秋山翔吾
63%
ソフトバンク 3/1(L菅井) 秋広優人
63%
ロッテ 3/7(F宮西) ソト
63%
ロッテ 3/15(L松本) ポランコ
63%
DeNA 3/7(Eコントレラス) ビシエド
58%
DeNA 3/10(C森下) 筒香嘉智
58%
中日 3/14(E瀧中) 石伊雄太
58%
中日 3/18(H中村稔) カリステ
58%
ソフトバンク 3/1(L佐藤爽) 笹川吉康
58%
ソフトバンク 3/17(D大野) 正木智也
58%
日本ハム 3/14(G船迫) 矢澤宏太
58%
西武 3/13(M毛利) 渡部聖弥
58%
ロッテ 2/21(E今野) 藤原恭大
58%
巨人 3/15(F有原) 平山功太
53%
巨人 3/15(F有原) 増田陸
53%
広島 3/11(DB伊勢) 勝田成
53%
ヤクルト 3/20(F山﨑) 増田珠
53%
西武 3/15(M小島) 長谷川信哉
53%
阪神 2/22(S奥川) 前川右京
47%
日本ハム 2/23(T岩貞) カストロ
47%
オリックス 3/18(C岡本) 西野真弘
47%
ロッテ 3/22(Dアブレウ) 寺地隆成
47%
日本ハム 3/15(G泉) 進藤勇也
42%
楽天 2/28(C遠藤) マッカスカー
42%
ソフトバンク 3/3(S廣澤) 髙橋隆慶
37%
日本ハム 3/4(L與座) 今川優馬
37%
阪神 3/17(M西野) 髙寺望夢
32%
広島 2/28(E中込) 二俣翔一
32%
ヤクルト 3/10(D三浦) 鈴木叶
32%
広島 2/22(F杉浦) 辰見鴻之介
21%
ソフトバンク 3/11(G中川) 廣瀨隆太
21%
ソフトバンク 3/17(D根尾) イヒネ イツア
21%
オリックス 3/14(S清水) 横山聖哉
21%
No matching quizzes found
Score Distribution
Percent of People with Each Score
Percentile by Number Answered
Your Score History
You have not taken this quiz